All iPhones ever released (2025) - Statistics

General Stats
  • This quiz has been taken 117 times
  • The average score is 39 of 51
Answer Stats
Hint Answer % Correct
2007 iPhone
97%
2010 iPhone 4
97%
2012 iPhone 5
97%
2014 iPhone 6
97%
2016 iPhone 7
95%
2021 iPhone 13
93%
2025 iPhone 17
93%
2017 iPhone 8
93%
2017 iPhone X
93%
2019 iPhone 11
92%
2020 iPhone 12
92%
2022 iPhone 14
92%
2023 iPhone 15
91%
2024 iPhone 16
90%
2021 iPhone 13 Pro
84%
2022 iPhone 14 Pro
84%
2020 iPhone 12 Pro
83%
2024 iPhone 16 Pro
83%
2025 iPhone 17 Pro
83%
2023 iPhone 15 Pro
81%
2021 iPhone 13 Pro Max
80%
2016 iPhone SE
80%
2019 iPhone 11 Pro
79%
2020 iPhone 12 Pro Max
79%
2022 iPhone 14 Pro Max
79%
2024 iPhone 16 Pro Max
79%
2025 iPhone 17 Pro Max
79%
2023 iPhone 15 Pro Max
78%
2019 iPhone 11 Pro Max
73%
2018 iPhone XS
73%
2015 iPhone 6s
72%
2025 iPhone Air
72%
2013 iPhone 5s
71%
2011 iPhone 4s
70%
2014 iPhone 6 Plus
70%
2018 iPhone XR
70%
2008 iPhone 3G
69%
2021 iPhone 13 Mini
65%
2016 iPhone 7 Plus
65%
2017 iPhone 8 Plus
65%
2020 iPhone 12 Mini
63%
2009 iPhone 3GS
63%
2013 iPhone 5c
63%
2020 iPhone SE (2nd Gen)
63%
2022 iPhone 14 Plus
59%
2023 iPhone 15 Plus
59%
2024 iPhone 16 Plus
57%
2015 iPhone 6s Plus
57%
2018 iPhone XS Max
57%
2022 iPhone SE (3rd Gen)
56%
2025 iPhone 16e
51%
No matching quizzes found
Score Distribution
Percent of People with Each Score
Percentile by Number Answered
Your Score History
You have not taken this quiz